<?xml version="1.0" encoding="UTF-8"?>
<record
    xmlns:xsi="http://www.w3.org/2001/XMLSchema-instance"
    xsi:schemaLocation="http://www.loc.gov/MARC21/slim http://www.loc.gov/standards/marcxml/schema/MARC21slim.xsd"
    xmlns="http://www.loc.gov/MARC21/slim">

  <leader>01539nab a22002537a 4500</leader>
  <datafield tag="999" ind1=" " ind2=" ">
    <subfield code="c">5499</subfield>
    <subfield code="d">5499</subfield>
  </datafield>
  <controlfield tag="003">OSt</controlfield>
  <controlfield tag="005">20251209142324.0</controlfield>
  <controlfield tag="008">190502c        xxu||||| |||| 00| 0 spa d</controlfield>
  <datafield tag="040" ind1=" " ind2=" ">
    <subfield code="c">PJ</subfield>
  </datafield>
  <datafield tag="100" ind1=" " ind2=" ">
    <subfield code="9">6492</subfield>
    <subfield code="a">Barbieri, P&#xED;a</subfield>
  </datafield>
  <datafield tag="245" ind1="1" ind2="0">
    <subfield code="a">An&#xE1;lisis de los tipos penales de exacciones ilegales, concusi&#xF3;n y extorsi&#xF3;n en la conducta del funcionario p&#xFA;blico. Reflexiones a partir del fallo "Tapia N&#xFA;&#xF1;ez" /</subfield>
    <subfield code="c">P&#xED;a Barbieri.</subfield>
  </datafield>
  <datafield tag="260" ind1=" " ind2=" ">
    <subfield code="a">Ciudad Aut&#xF3;noma de Buenos Aires :</subfield>
    <subfield code="b">Thomson Reuters La Ley,</subfield>
    <subfield code="c">2025.</subfield>
  </datafield>
  <datafield tag="300" ind1=" " ind2=" ">
    <subfield code="a">p. 43-52</subfield>
  </datafield>
  <datafield tag="500" ind1=" " ind2=" ">
    <subfield code="a">Cita Online: AR/DOC/1531/2025.</subfield>
  </datafield>
  <datafield tag="505" ind1=" " ind2=" ">
    <subfield code="a">Sumario: I. Introducci&#xF3;n.&#x2014; II. Los hechos del caso.&#x2014; III. Los tipos penales en juego: exacciones ilegales, concusi&#xF3;n y extorsi&#xF3;n en la conducta del funcionario p&#xFA;blico.&#x2014; IV. Diferentes posturas doctrinarias.&#x2014; V. Soluci&#xF3;n del caso concreto dada por el Tribunal y confirmada por la Casaci&#xF3;n.&#x2014; VI. Reflexiones finales.</subfield>
  </datafield>
  <datafield tag="505" ind1=" " ind2=" ">
    <subfield code="t">Fallo comentado:  CNCasCrim. y Correc., sala III ~ 17/12/2024 ~ Alvarado Ruiz, Sim&#xF3;n Jes&#xFA;s y otros c. Morano, Diego y otros s/ averiguaci&#xF3;n de delito y asociaci&#xF3;n il&#xED;cita.</subfield>
  </datafield>
  <datafield tag="505" ind1=" " ind2=" ">
    <subfield code="t">&#xBF;Te interesa el texto completo? Solicitalo al correo: koha@justierradelfuego.gov.ar</subfield>
  </datafield>
  <datafield tag="650" ind1=" " ind2="0">
    <subfield code="9">343</subfield>
    <subfield code="a">DERECHO PENAL</subfield>
  </datafield>
  <datafield tag="650" ind1=" " ind2="0">
    <subfield code="9">6493</subfield>
    <subfield code="a">CORRUPCI&#xD3;N DE UN FUNCIONARIO P&#xDA;BLICO</subfield>
  </datafield>
  <datafield tag="650" ind1=" " ind2="0">
    <subfield code="9">3034</subfield>
    <subfield code="a">EXTORSI&#xD3;N</subfield>
  </datafield>
  <datafield tag="650" ind1=" " ind2="0">
    <subfield code="9">5941</subfield>
    <subfield code="a">EXACCIONES ILEGALES</subfield>
  </datafield>
  <datafield tag="773" ind1="0" ind2=" ">
    <subfield code="0">2729</subfield>
    <subfield code="9">3180</subfield>
    <subfield code="d">Buenos Aires : LexisNexis,  2006-</subfield>
    <subfield code="t">Revista de derecho penal y procesal penal. N&#xBA; 8 - Agosto 2025</subfield>
    <subfield code="z">9875920622</subfield>
  </datafield>
  <datafield tag="942" ind1=" " ind2=" ">
    <subfield code="2">udc</subfield>
    <subfield code="c">ANA</subfield>
  </datafield>
</record>
